| Tag |
First Indicator |
Second Indicator |
Subfields |
| LEADER |
00000cam a2200000 4500 |
| 001 |
in00000027446 |
| 005 |
20151007061342.0 |
| 008 |
751028s1956 enkah b 00010 eng |
| 010 |
|
|
|a 57002629
|
| 035 |
|
|
|a (OCoLC)01742031
|
| 035 |
|
|
|9 AAD1855AM
|
| 040 |
|
|
|a DLC
|c MIA
|d TXA
|d UtOrBLW
|
| 049 |
|
|
|a TXAM
|c [275926]
|
| 050 |
0 |
0 |
|a NC233.P6
|b A43 1956
|
| 082 |
0 |
|
|a 741.642
|
| 092 |
|
|
|a 741.64
|b P866a2
|
| 100 |
1 |
|
|a Potter, Beatrix,
|d 1866-1943.
|
| 245 |
1 |
4 |
|a The art of Beatrix Potter /
|c With an appreciation by Anne Carroll Moore.
|
| 250 |
|
|
|a [2d ed.].
|
| 264 |
|
1 |
|a London,
|a New York :
|b F. Warne,
|c [1956]
|
| 300 |
|
|
|a 336 pages :
|b (chiefly illustrations (part color) facsimiles) ;
|c 24 cm.
|
| 336 |
|
|
|a text
|b txt
|2 rdacontent
|
| 337 |
|
|
|a unmediated
|b n
|2 rdamedia
|
| 338 |
|
|
|a volume
|b nc
|2 rdacarrier
|
| 504 |
|
|
|a "The Beatrix Potter books": pages 334-336.
|
| 700 |
1 |
|
|a Moore, Anne Carroll,
|d 1871-1961.
|
| 999 |
|
|
|a MARS
|
| 999 |
f |
f |
|s 5ebb47c0-89e7-3012-9480-055595e7e0f9
|i 8b6e0847-0d8e-3d43-b0e7-43f431444d36
|t 0
|
| 952 |
f |
f |
|p ric
|a Texas A&M University
|b Rellis Campus
|c Joint Library Facility
|d Remote Storage
|t 0
|e NC233.P6 A43 1956
|h Library of Congress classification
|i unmediated -- volume
|m A14801149032
|
| 998 |
f |
f |
|a NC233.P6 A43 1956
|t 0
|l Remote Storage
|